|
|
|
|
| LEADER |
00000naa0a2200000 4500 |
| 001 |
596988 |
| 005 |
20251202115845.0 |
| 035 |
|
|
|a (RuTPU)RU\TPU\tpu\20078
|
| 090 |
|
|
|a 596988
|
| 100 |
|
|
|a 20110927d1989 k||y0rusy50 ca
|
| 101 |
0 |
|
|a rus
|
| 102 |
|
|
|a RU
|
| 200 |
1 |
|
|a Фазовые состояния высокотемпературной сверхпроводящей керамики Y-Ba-Cu-O
|f Г. В. Шубин [и др.]
|
| 333 |
|
|
|a В фонде НТБ ТПУ отсутствует
|
| 463 |
|
|
|t Рациональное использование природных ресурсов Сибири, Томск, 24-25 октября, 1989
|o тезисы докладов научной конференции
|v С. 67
|d 1989
|
| 610 |
1 |
|
|a труды учёных ТПУ
|
| 701 |
|
1 |
|a Шубин
|b Г. В.
|
| 701 |
|
1 |
|a Хасанов
|b О. Л.
|c физик, специалист в области наноматериалов
|c профессор Томского политехнического университета, доктор технических наук
|c директор Нано-Центра ТПУ, заведующий кафедрой наноматериалов и нанотехнологий
|f 1958-
|g Олег Леонидович
|3 (RuTPU)RU\TPU\pers\26436
|4 070
|9 12140
|
| 701 |
|
1 |
|a Полисадова
|b В. В.
|c российский ученый, специалист в области нанокерамики
|c старший научный сотрудник Томского политехнического университета, кандидат технических наук
|f 1947-
|g Валентина Валентиновна
|3 (RuTPU)RU\TPU\pers\28213
|4 070
|
| 701 |
|
1 |
|a Ермолаев
|b В. А.
|
| 801 |
|
1 |
|a RU
|b 63413507
|c 20110927
|
| 942 |
|
|
|c BK
|